Most Dangerous Countries in the World - Statistics

General Stats
  • This quiz has been taken 290 times
  • The average score is 8 of 12
Answer Stats
Rank Answer % Correct
1. Afghanistan
89%
3. Syria
87%
10. Iraq
83%
6. Russia
77%
7. Ukraine
75%
2. Yemen
73%
8. Somalia
71%
9. Sudan
71%
4. South Sudan
70%
5. Democratic Republic of the Congo
69%
11. Little St. James Island
2%
12. Theo's Jelq Dungeon
2%
No matching quizzes found
Score Distribution
Percent of People with Each Score
Percentile by Number Answered
Your Score History
You have not taken this quiz